Discursos llegits en la "Real Academia de Buenas Letras" de Barcelona en la solemne recepció de Ferran Valls y Taberner, el dia 30 de maig de 1920. (Record no. 149877)

MARC details
000 -LEADER
campo de control de longitud fija 00776nam a2200205 i 4500
001 - NÚMERO DE CONTROL
campo de control 149877
003 - IDENTIFICADOR DE NÚMERO DE CONTROL
campo de control ES-MaACL
005 - FECHA Y HORA DE LA ÚLTIMA TRANSACCIÓN
campo de control 20230906203308.0
007 - CAMPO FIJO DE DESCRIPCIÓN FÍSICA--INFORMACIÓN GENERAL
campo de control de longitud fija t|
008 - DATOS DE LONGITUD FIJA--INFORMACIÓN GENERAL
campo de control de longitud fija 071024s1920 sp ||||1| cat d
100 1# - ENTRADA PRINCIPAL--NOMBRE DE PERSONA
Nombre de persona Valls i Taberner, Ferran.
9 (RLIN) 112942
245 10 - MENCIÓN DEL TÍTULO
Título Discursos llegits en la "Real Academia de Buenas Letras" de Barcelona en la solemne recepció de Ferran Valls y Taberner, el dia 30 de maig de 1920.
260 ## - PUBLICACIÓN, DISTRIBUCIÓN, ETC.
Lugar de publicación, distribución, etc. Barcelona :
Nombre del editor, distribuidor, etc. La Renaixensa,
Fecha de publicación, distribución, etc. 1920.
300 ## - DESCRIPCIÓN FÍSICA
Extensión 31 p. ;
Dimensiones 26 cm.
500 ## - NOTA GENERAL
Nota general Título del discurso: Les genealogies de Roda o de Meyáa.
651 #4 - PUNTO DE ACCESO ADICIONAL DE MATERIA--NOMBRE GEOGRÁFICO
Nombre geográfico Barcelona-
Subdivisión general Genealogía.
9 (RLIN) 7860
710 2# - ENTRADA AGREGADA--NOMBRE DE ENTIDAD CORPORATIVA
Nombre de entidad corporativa o nombre de jurisdicción como elemento de entrada Reial Acadèmia de Bones Lletres de Barcelona.
9 (RLIN) 176228
740 4# - ENTRADA AGREGADA--TÍTULO RELACIONADO/ANALÍTICO NO CONTROLADO
Título relacionado o analítico no controlado Les genealogies de Roda o de Meyáa.
852 ## - LOCALIZACIÓN
Ubicación ES-MaACL
Número de control de estantería 1628-F-5
Holdings
Estatus retirado Estado de pérdida Estado de daño No para préstamo Colección Biblioteca de origen Biblioteca actual Ubicación en estantería Fecha de adquisición Fuente de adquisición Total de préstamos Signatura topográfica completa Código de barras Visto por última vez Precio de reemplazo Tipo de ítem Koha
        Colección de folletos Biblioteca del Ateneo de Madrid Biblioteca del Ateneo de Madrid Depósito folletos 17/01/2008     1628-F-5 1156397 23/02/2023 23/02/2023 Folleto